| 000 | 01710cam a22003378a 4500 | ||
|---|---|---|---|
| 001 | 15892057 | ||
| 005 | 20141110133734.0 | ||
| 008 | 090901s2009 enk b 001 0 eng | ||
| 010 | _a 2009035846 | ||
| 020 | _a9780470749241 (cloth) | ||
| 020 | _a9780470749234 (pbk.) | ||
| 035 | _a(DNLM)101514348 | ||
| 040 |
_aDNLM/DLC _cDLC |
||
| 042 | _apcc | ||
| 050 | 0 | 0 |
_aRC 553.A88 _b.G35 2010 |
| 060 | 1 | 0 |
_aWM 203.5 _bG172d 2009 |
| 082 | 0 | 0 | _a616.85/882075 |
| 100 | 1 | _aGallo, Donald P. | |
| 245 | 1 | 0 |
_aDiagnosing autism : _ba lifespan perspective / _cDonald P. Gallo. |
| 260 |
_aChichester, West Sussex ; _aMalden, MA : _bJ. Wiley, _c2010. |
||
| 263 | _a1004 | ||
| 300 |
_a186 pages ; _c24 cm. |
||
| 504 | _aIncludes bibliographical references and index. | ||
| 505 | 0 | _aA brief look at the history of autism -- The importance of the autism referral -- How to conduct an appropriate autism evaluation -- Information to be obtained before asking about autism -- The diagnostic criteria for the autism spectrum disorders -- The main problem areas of autism : social impairment -- The main problem areas of autism : language impairment -- The main problem areas of autism : behavioral concerns -- Additional questions to ask when interviewing teens -- Additional questions to ask when interviewing adults -- Other important factors to take into consideration -- Differential diagnosis through the lifespan -- Feedback for the patient and family/parents. | |
| 521 | _aSpecial Education | ||
| 650 | 0 |
_aAutism _xDiagnosis. |
|
| 650 | 1 | 2 |
_aAutistic Disorder _xdiagnosis. |
| 906 |
_a7 _bcbc _corignew _d1 _eecip _f20 _gy-gencatlg |
||
| 942 |
_2lcc _cBK _kFOR |
||
| 999 |
_c276755 _d276755 |
||